<?xml version="1.0" encoding="UTF-8"?>
<record
    xmlns:xsi="http://www.w3.org/2001/XMLSchema-instance"
    xsi:schemaLocation="http://www.loc.gov/MARC21/slim http://www.loc.gov/standards/marcxml/schema/MARC21slim.xsd"
    xmlns="http://www.loc.gov/MARC21/slim">

  <leader>00499nam a2200193Ia 4500</leader>
  <controlfield tag="008">230125s9999    xx            000 0 und d</controlfield>
  <datafield tag="020" ind1=" " ind2=" ">
    <subfield code="a">1-85788-07801</subfield>
  </datafield>
  <datafield tag="041" ind1=" " ind2=" ">
    <subfield code="a">eng</subfield>
  </datafield>
  <datafield tag="082" ind1=" " ind2=" ">
    <subfield code="a">658</subfield>
    <subfield code="b">ROB</subfield>
  </datafield>
  <datafield tag="100" ind1=" " ind2=" ">
    <subfield code="a">Robinson P</subfield>
    <subfield code="9">112758</subfield>
  </datafield>
  <datafield tag="245" ind1=" " ind2=" ">
    <subfield code="a">Snapshot from hell : The making of an MBA</subfield>
  </datafield>
  <datafield tag="260" ind1=" " ind2=" ">
    <subfield code="c">2003</subfield>
    <subfield code="b">Nicholas Bearly publisher</subfield>
    <subfield code="a">London</subfield>
  </datafield>
  <datafield tag="300" ind1=" " ind2=" ">
    <subfield code="a">286p</subfield>
  </datafield>
  <datafield tag="500" ind1=" " ind2=" ">
    <subfield code="a">General Management</subfield>
  </datafield>
  <datafield tag="650" ind1=" " ind2=" ">
    <subfield code="a">General</subfield>
  </datafield>
  <datafield tag="700" ind1=" " ind2=" ">
    <subfield code="a">Robinson P</subfield>
    <subfield code="9">112758</subfield>
  </datafield>
  <datafield tag="906" ind1=" " ind2=" ">
    <subfield code="b">44</subfield>
  </datafield>
  <datafield tag="999" ind1=" " ind2=" ">
    <subfield code="c">89760</subfield>
    <subfield code="d">89760</subfield>
  </datafield>
  <datafield tag="952" ind1=" " ind2=" ">
    <subfield code="0">0</subfield>
    <subfield code="1">0</subfield>
    <subfield code="4">0</subfield>
    <subfield code="7">0</subfield>
    <subfield code="a">HIMR</subfield>
    <subfield code="b">HIMR</subfield>
    <subfield code="d">2004-09-24</subfield>
    <subfield code="e">Varma Book Distributor</subfield>
    <subfield code="g">295.00</subfield>
    <subfield code="i">4284</subfield>
    <subfield code="l">0</subfield>
    <subfield code="o">658 ROB B04118</subfield>
    <subfield code="p">HIMR-BK-4118</subfield>
    <subfield code="r">2023-01-25 00:00:00</subfield>
    <subfield code="v">251.00</subfield>
    <subfield code="w">2004-09-17</subfield>
    <subfield code="y">BK</subfield>
    <subfield code="z">B04118</subfield>
  </datafield>
  <datafield tag="952" ind1=" " ind2=" ">
    <subfield code="0">0</subfield>
    <subfield code="1">0</subfield>
    <subfield code="4">0</subfield>
    <subfield code="7">0</subfield>
    <subfield code="a">HIMR</subfield>
    <subfield code="b">HIMR</subfield>
    <subfield code="d">2006-03-31</subfield>
    <subfield code="e">Popular Book House</subfield>
    <subfield code="g">295.00</subfield>
    <subfield code="i">261</subfield>
    <subfield code="l">0</subfield>
    <subfield code="o">658 ROB B05172</subfield>
    <subfield code="p">HIMR-BK-5172</subfield>
    <subfield code="r">2023-01-25 00:00:00</subfield>
    <subfield code="v">251.00</subfield>
    <subfield code="w">2006-03-31</subfield>
    <subfield code="y">BK</subfield>
    <subfield code="z">B05172</subfield>
  </datafield>
</record>
